000 00891nam a2200205 a 4500
001 000037440
005 20200930080355.0
008 120418s1984 sp 000 0 spa d
020 _a8400058313
040 _aDO-SdBNP
_bspa
_cBNPHU
100 1 _aEnríquez, Emilia Victoria
_963889
245 1 3 _aEl pronombre personal sujeto en la lengua española hablada en Madrid /
_cVictoria Emilia Victoria ; prólogo Antonio Quilis.
260 _aMadrid :
_bConsejo Superior de Investigaciones Científicas :
_bInstituto "Miguel de Cervantes",
_c1984.
300 _a395 p. ;
_c23 cm.
490 1 _aLa norma linguística culta de la lengua española hablada en Madrid
_v4
500 _aIncluye notas al pie de las páginas
504 _aBibliografía : p. 385-395
700 1 _aQuilis, Antonio
_epról.
_928481
830 0 _aLa norma linguística culta de la lengua española hablada en Madrid
_v4
_963890
999 _c36930
_d36930